[Event "Pau op"]
[Site "Pau"]
[Date "2009.02.26"]
[Round "5"]
[White "Espinosa, Tendai"]
[Black "Remacle, Auguste"]
[Result "1-0"]
[WhiteElo "1190"]
[BlackElo "1009"]
[PlyCount "55"]
[EventDate "2009.02.24"]
[EventType "swiss"]
[EventRounds "9"]
[EventCountry "FRA"]
[SourceTitle "CBM 129 Extra"]
[Source "ChessBase"]
[SourceDate "2009.05.05"]
[SourceVersion "2"]
[SourceVersionDate "2009.05.20"]
[SourceQuality "1"]

1. e4 e5 2. Nf3 Nc6 3. Nc3 Bb4 4. h3 Bxc3 5. dxc3 Nf6 6. Bc4 Nxe4 7. Bd3 Nc5 8. Bb5 Ne7 9. Bg5 f6 10. Be3 b6 11. Bc4 e4 12. Nd4 d5 13. Bb5+ Bd7 14. Bf4 Bxb5 15. Nxb5 0-0 16. Bxc7 Qd7 17. Qe2 a6 18. Bxb6 axb5 19. Bxc5 Rac8 20. Be3 Nf5 21. Qg4 g5 22. h4 h6 23. hxg5 fxg5 24. Rxh6 Qf7 25. Qxg5+ Ng7 26. Bd4 Rcd8 27. Bxg7 Rde8 28. Rh8# 1-0

[Event "Pau op"]
[Site "Pau"]
[Date "2009.02.24"]
[Round "2"]
[White "Darrigues, Alain"]
[Black "Remacle, Auguste"]
[Result "1-0"]
[WhiteElo "2012"]
[BlackElo "1009"]
[PlyCount "29"]
[EventDate "2009.02.24"]
[EventType "swiss"]
[EventRounds "9"]
[EventCountry "FRA"]
[SourceTitle "CBM 129 Extra"]
[Source "ChessBase"]
[SourceDate "2009.05.05"]
[SourceVersion "2"]
[SourceVersionDate "2009.05.20"]
[SourceQuality "1"]

1. d4 d5 2. c4 dxc4 3. Nf3 Nc6 4. e4 Nf6 5. Nc3 Bg4 6. Be3 Bxf3 7. gxf3 g5 8. Bxc4 Bh6 9. h4 0-0 10. hxg5 Bxg5 11. Bxg5 Ne8 12. Rg1 Na5 13. Bf6+ Ng7 14. Bxg7 Nxc4 15. Bf6# 1-0